Hardest General Knowledge - Statistics

General Stats
  • This quiz has been taken 61 times
  • The average score is 2 of 8
Answer Stats
Hint Answer % Correct
Capital of Somalia Mogadishu
86%
Which city in Italy hosted a branch of Rothschild's in the early 1800s? Naples
34%
How many companies was US Standard Oil split into after the Supreme Court ruling? 34
31%
Which famous designer has a house/resteraunt on the south beach in Miami Versace
31%
Often referred to as Merlins Last name Ambrosius
8%
Who helped ultra create visions body? Dr Cho
8%
Which admiral does Vader choke in the start of A New Hope Motti
7%
What is the London overground line called that travels between Liverpool Street and Chingford? Weaver
7%
No matching quizzes found
Score Distribution
Percent of People with Each Score
Percentile by Number Answered
Your Score History
You have not taken this quiz